| 000 | 00619nam a22001937a 4500 | ||
|---|---|---|---|
| 005 | 20251108164236.0 | ||
| 008 | 250721s1993 xx 000 0 ara d | ||
| 082 | 1 | 4 | _a338.91/ثرو |
| 100 | 1 | _aثرو، لستر | |
| 245 | 1 | 0 |
_aرأساً برأس : _bاليابان و أوربا و أمريكا / |
| 264 | 1 |
_aالقاهره : _bدار الهلال، _c1993. |
|
| 300 | _a300ص | ||
| 650 | 1 | 7 | _aالعلاقات الإقتصادية الدولية |
| 650 | 1 | 7 | _aالإقتصاد |
| 650 | 1 | 7 | _aالقرن العشرون |
| 700 | 1 |
_aحجاب، محمد فريد _eترجمة |
|
| 942 |
_2ddc _cBK |
||
| 999 |
_c7242 _d7242 |
||